| 000 | 01295nam a2200313 i 4500 | ||
|---|---|---|---|
| 001 | 000029993 | ||
| 003 | DO-SdBNP | ||
| 005 | 20241014135708.0 | ||
| 007 | ta | ||
| 008 | 110428t1967 dr 001 0 spa d | ||
| 040 |
_aDO-SdBNP _bspa _cBNPHU _erda |
||
| 082 |
_a923.17293053 _bT866Es _222 |
||
| 100 | 1 |
_aEspaillat Rodríguez, Arturo R. _944459 |
|
| 240 | 1 | 0 |
_aTrujillo : the last Caesar, _linglés |
| 245 | 1 | 0 |
_aTrujillo : _bel último de los cesares / _cArturo R. Espaillat Rodríguez ; traducción Pedro Andrés Pérez Cabral, Ramón Pina Acevedo y Martínez. |
| 264 | 1 |
_aSanto Domingo : _bEdiciones Renovación, _c1967. |
|
| 300 |
_a180 páginas _c23 cm. |
||
| 336 |
_atexto _btxt _2rdacontent |
||
| 337 |
_asin mediación _bn _2rdamedia |
||
| 338 |
_avolumen _bnc _2rdacarrier |
||
| 500 | _aIncluye notas de los traductores al final de cada capítulo. | ||
| 590 | _aInventariado, 2019/MFF | ||
| 600 | 1 | 0 |
_aTrujillo Molina, Rafael Leónidas, _d 1891-1961 _976764 |
| 651 | 4 |
_aRepública Dominicana _xPolítica Y Gobierno _yERA DE TRUJILLO, 193040-1961 _956722 |
|
| 700 | 1 |
_4trad. _aPérez Cabral, Pedro Andrés, _b1910-1981 _etraducción _9429 |
|
| 700 | 1 |
_4trad. _aPina Acevedo y Martínez, Ramón, _etraducción _936158 |
|
| 910 | _aValidado. Control de calidad EMS. | ||
| 942 |
_2ddc _cLBS1 |
||
| 999 |
_c29485 _d29485 |
||